Montenegro all time starting xi - Statistics

General Stats
  • This quiz has been taken 46 times
    5 since last reset
  • The average score is 3 of 11
Answer Stats
Hint Answer % Correct
DF(2010- Stefan Savić
100%
FW(2007- Stevan Jovetić
100%
DF(2015- Adam Marušić
67%
FW(2007-2017 Mirko Vučinić
67%
FW(2009-2021 Fatos Bećiraj
0%
MF(2016- Marko Janković
0%
DF(2013- Marko Vešović
0%
GK(2007-2017 Mladen Božović
0%
MF(2014-2023 Nikola Vukčević
0%
MF(2013-2024 Vladimir Jovović
0%
DF(2010-2024 Žarko Tomašević
0%
No matching quizzes found
Score Distribution
Percent of People with Each Score
Percentile by Number Answered
Your Score History
You have not taken this quiz since the last reset